Histroy of early Iran / (Record no. 186741)
[ view plain ]
| 000 -LEADER | |
|---|---|
| fixed length control field | 00888 a2200169 4500 |
| 003 - CONTROL NUMBER IDENTIFIER | |
| control field | Nust |
| 005 - DATE AND TIME OF LATEST TRANSACTION | |
| control field | 20230213131730.0 |
| 040 ## - CATALOGING SOURCE | |
| Transcribing agency | Nust |
| 082 ## - DEWEY DECIMAL CLASSIFICATION NUMBER | |
| Classification number | 955,CAM |
| 100 ## - MAIN ENTRY--PERSONAL NAME | |
| Personal name | George G. Cameron |
| 9 (RLIN) | 109016 |
| 245 ## - TITLE STATEMENT | |
| Title | Histroy of early Iran / |
| Statement of responsibility, etc. | George G. Cameron |
| 260 ## - PUBLICATION, DISTRIBUTION, ETC. | |
| Place of publication, distribution, etc. | London |
| Name of publisher, distributor, etc. | The universty of chicago press |
| 300 ## - PHYSICAL DESCRIPTION | |
| Extent | 262 |
| 500 ## - GENERAL NOTE | |
| General note | The Land and Its People (Page-1), Historical Beginnings (Page-22), Babylonian Dynasts and Kings of Simash (Page-43), Divine Messengers of Elam Smash and Susa (Page-67), The Kassite Interlude (Page-89), Kings of Anza and Susa (Page-96), The Glory of a element Empire (Page-113), Indo Iranians in the Zagros Mountains (Page-138), A New Elements Kingdom (Page-156), Median and Persian Chieftains (Page-170), The Eclipse of Elam (Page-185), Medes and Persians (Page-212). |
| 650 ## - SUBJECT ADDED ENTRY--TOPICAL TERM | |
| Topical term or geographic name entry element | Histroy of early iran |
| 9 (RLIN) | 109017 |
| 942 ## - ADDED ENTRY ELEMENTS (KOHA) | |
| Source of classification or shelving scheme | |
| Koha item type | Book |
| Call number prefix | 955,CAM |
| Withdrawn status | Lost status | Source of classification or shelving scheme | Damaged status | Not for loan | Permanent Location | Current Location | Shelving location | Date acquired | Full call number | Barcode | Date last seen | Price effective from | Koha item type | Public note |
|---|---|---|---|---|---|---|---|---|---|---|---|---|---|---|
| Military College of Signals (MCS) | Military College of Signals (MCS) | General Stacks | 12/12/2016 | 955,CAM | MCS21897 | 12/08/2016 | 12/12/2016 | Book | Almirah No. 62, Shelf No. 3 |
